| 000 | 00402cam a2200157ua 4500 | ||
|---|---|---|---|
| 041 |
_aeng _h |
||
| 082 |
_a828.09 _bMIL/OU |
||
| 100 | _aMilton, Since . | ||
| 245 |
_aOutline: History of English literatue, Vol 2 / _cSince Milton. _hTextual Documents |
||
| 250 |
_a1 / _b. |
||
| 260 |
_aNew York : _bBarnes & Noble , _c1961. |
||
| 300 | _a652 ; . | ||
| 504 | _a | ||
| 942 | _cBK | ||
| 999 |
_c3915 _d3915 |
||